Identify Dinosaurs By Skull - Statistics

General Stats
  • This quiz has been taken 408 times
    405 since last reset
  • The average score is 9 of 16
Answer Stats
Picture Answer % Correct
Stegosaurus
91%
Allosaurus
88%
Brachiosaurus
87%
Carnotaurus
87%
Pachycephalosaurus
82%
Ankylosaurus
81%
Pachyrhinosaurus
58%
Edmontosaurus
54%
Diplodocus
50%
Carcharodontosaurus
47%
Nanuqsaurus
33%
Kosmoceratops
27%
Qianzhousaurus
18%
Austroraptor
17%
Regaliceratops
17%
Zhuchengtyrannus
13%
No matching quizzes found
Score Distribution
Percent of People with Each Score
Percentile by Number Answered
Your Score History
You have not taken this quiz since the last reset